[Event "FIN-chT 9697 Division-A"]
[Site "FIN"]
[Date "1996.??.??"]
[Round "2.1"]
[White "Pirttimaki, Timo"]
[Black "Issakainen, Ari"]
[Result "0-1"]
[WhiteElo "2270"]
[BlackElo "2265"]

1.e4 c5 2.Nf3 e6 3.d4 cxd4 4.Nxd4 Nc6 5.Nc3 Qc7 6.Be2 a6 7.O-O Nf6 8.Be3 Bb4
9.Nxc6 bxc6 10.f4 O-O 11.e5 Nd5 12.Nxd5 cxd5 13.Bd4 d6 14.Rf3 Bc5 15.Kh1 Bd7
16.Bd3 Bxd4 17.Bxh7+ Kxh7 18.Qxd4 Qxc2 19.Re1 Qc5 20.Qd1 g6 21.Rc3 Qb4 22.a3 Qxb2
23.Qd4 Kg8 24.Qd3 Bb5 25.Qg3 Rac8 26.Rb3 Qd2 27.h4  0-1

[Event "FIN-chT 9596"]
[Site "FIN"]
[Date "1996.??.??"]
[Round "4"]
[White "Sorri, Kari Juhani"]
[Black "Issakainen, Ari"]
[Result "1-0"]
[WhiteElo "2335"]
[BlackElo "2265"]

1.e4 c5 2.Nf3 e6 3.d4 cxd4 4.Nxd4 Nc6 5.Nc3 Qc7 6.Be2 a6 7.Be3 Nf6 8.O-O Bb4
9.Na4 Be7 10.Nxc6 bxc6 11.Nb6 Rb8 12.Nxc8 Qxc8 13.Qd4 O-O 14.b3 d5 15.e5 Nd7
16.Rad1 c5 17.Qa1 Qc6 18.Bf4 Bd8 19.Bg3 Bc7 20.f4 f6 21.Bf3 c4 22.Kh1 fxe5
23.fxe5 Rf5 24.Rfe1 Ba5 25.Re2 Rc8 26.Qc1 h5 27.Qe3 Rcf8 28.bxc4 Qxc4 29.Qd3 Qxd3
30.cxd3 g5 31.h3 h4 32.Bh2 Kg7 33.d4 R5f7 34.Bg1 Rb8 35.Be3 Kg6 36.Rc2 Re7
37.Be2 Rb6 38.Bd3+ Kh6 39.g3 hxg3 40.h4 Kh5 41.hxg5 Nb8 42.Kg2 Nc6 43.Kxg3  1-0

[Event "FIN-chT 9596"]
[Site "FIN"]
[Date "1996.??.??"]
[Round "5"]
[White "Kokkila, Tero"]
[Black "Kanko, Ilkka"]
[Result "1/2-1/2"]
[WhiteElo "2210"]
[BlackElo "2295"]

1.e4 c5 2.Nf3 e6 3.d4 cxd4 4.Nxd4 Nc6 5.Nc3 Qc7 6.Be2 a6 7.O-O Nf6 8.Be3 Be7
9.f4 d6 10.Qe1 O-O 11.Qg3 Bd7 12.Rad1 Nxd4 13.Bxd4 Bc6 14.e5 dxe5 15.Bxe5 Qb6+
16.Kh1 Rad8 17.Bd3 g6 18.Qg5 Ne4 19.Qh6 f6 20.Nxe4 fxe5 21.fxe5 Bxe4 22.Bxe4 Qf2
23.h3 Rxd1 24.Rxd1 Qg3 25.Qd2 Qxe5 26.Bxb7 Bd6 27.g4 Qg3 28.Qg2 Qe3 29.Rf1 Rxf1+
30.Qxf1 Qe5 31.Qf2 Qxb2 32.Bxa6 Qxa2 33.Bd3 Qa1+ 34.Kg2 Qe5 35.Qf3 Qh2+ 36.Kf1 Qe5  1/2-1/2

[Event "FIN-chT 9596"]
[Site "FIN"]
[Date "1996.??.??"]
[Round "6"]
[White "Kiltti, Jyrki"]
[Black "Pyhala, Antti"]
[Result "1/2-1/2"]
[WhiteElo "2235"]
[BlackElo "2330"]

1.e4 c5 2.Nf3 e6 3.d4 cxd4 4.Nxd4 Nc6 5.Nc3 Qc7 6.Be2 Nf6 7.Be3 a6 8.O-O Be7
9.Kh1 d6 10.f4 O-O 11.f5 Ne5 12.Bf4 b5 13.Qe1 b4 14.Nd1 Rb8 15.Nf2 exf5 16.Nxf5 Bxf5
17.exf5 Qxc2 18.Nd3 Nxd3 19.Bxd3 Qxd3 20.Qxe7 Rbd8 21.Rad1 Qc2 22.Rxd6 Qc4
23.Qe1 Ne4 24.Rxd8 Rxd8 25.h3 a5 26.Kh2 Re8 27.Qb1 h5 28.Re1 h4 29.Re3 Qd5
30.Qe1 Qxf5 31.Qxh4 a4 32.b3 a3 33.Bg3 g5 34.Qh5 Kg7 35.Qf3 Qd5 36.Be1 f5
37.Bxb4 Qe5+ 38.Kg1 Qd4 39.Kh2 Qxb4 40.Qxf5 Qd6+ 41.Kh1 Qd4 42.Kh2 Re5 43.Rd3 Qxd3
44.Qxe5+ Kf7 45.Qf5+ Ke7 46.Qe5+ Kd7 47.Qf5+ Kd6 48.Qf8+ Ke5 49.Qxa3 Qg3+
50.Kg1 Qe3+ 51.Kh2 Qf4+ 52.Kg1 Kd4 53.Qb4+ Kd3 54.Qc4+ Kd2 55.Qd4+ Kc2 56.b4 Qc1+
57.Kh2 Nc3 58.Qf2+ Kb1 59.h4 Ne4 60.Qg1 Qxg1+ 61.Kxg1 gxh4 62.Kh2 Kxa2 63.Kh3 Kb3
64.b5 Kc4 65.b6 Nd6 66.Kxh4 Kc5  1/2-1/2

[Event "FIN-chT 9596"]
[Site "FIN"]
[Date "1996.??.??"]
[Round "9"]
[White "Hokkanen, Petri"]
[Black "Issakainen, Ari"]
[Result "0-1"]
[WhiteElo "2260"]
[BlackElo "2265"]

1.e4 c5 2.Nf3 e6 3.Nc3 Nc6 4.d4 cxd4 5.Nxd4 Qc7 6.Be2 a6 7.O-O Nf6 8.Be3 Bb4
9.Na4 Be7 10.c4 d6 11.Nxc6 bxc6 12.Nb6 Rb8 13.Nxc8 Qxc8 14.Qc2 c5 15.b3 Qc6
16.Bf3 Nd7 17.e5 Qc7 18.exd6 Bxd6 19.g3 h5 20.h4 Ne5 21.Qe2 g6 22.Rad1 O-O
23.Rd2 Rbd8 24.Rfd1 Be7 25.Kg2 Rxd2 26.Rxd2 Nxf3 27.Qxf3 a5 28.Qe4 Bf6 29.Bf4 Qa7
30.Qc6 Bd4 31.Re2 Ra8 32.Be5 Rd8 33.Rd2 Kh7 34.a3 Rd7 35.Kh3 Qb7 36.Qxb7 Rxb7
37.Bxd4 cxd4 38.Rd3 e5 39.Kg2 f5 40.Kf1 Kg7 41.Ke2 Kf6 42.b4 Ke6 43.Kd2 Rc7
44.Kc2 axb4 45.axb4 Rxc4+ 46.Kb3 Kd5 47.Ka4 Rc2  0-1

[Event "FIN-chT 9596"]
[Site "FIN"]
[Date "1996.??.??"]
[Round "10"]
[White "Lampen, Timo"]
[Black "Kanko, Ilkka"]
[Result "0-1"]
[WhiteElo "2280"]
[BlackElo "2295"]

1.e4 c5 2.Nf3 e6 3.d4 cxd4 4.Nxd4 Nc6 5.Nc3 Qc7 6.f4 a6 7.Nxc6 Qxc6 8.Bd3 Bc5
9.Qg4 g6 10.Bd2 d5 11.exd5 exd5 12.Qg5 Ne7 13.O-O-O Be6 14.g4 f5 15.gxf5 gxf5
16.Qh5+ Bf7 17.Qh3 d4 18.Nb1 O-O-O 19.Rhe1 Bxa2 20.Re5 Kb8 21.Rde1 Nd5 22.Qxf5 Bd6
23.R5e4 Rhf8 24.Qg5 Qb6 25.Re6 Nxf4 26.Bxf4 Bxe6 27.Bd2 Rde8 28.Bxh7 Ba2
29.Rxe8+ Rxe8 30.Bd3 Rg8 31.Qh4 Rg1+ 32.Be1 Bxb1 33.Kxb1 Bb4 34.c3 Bxc3  0-1

[Event "Finkenstein op"]
[Site "Finkenstein"]
[Date "1996.??.??"]
[Round "2"]
[White "Lindoerfer, Klaus"]
[Black "Melcher, J."]
[Result "1-0"]
[WhiteElo "2080"]
[BlackElo "1715"]

1.e4 c5 2.Nf3 Nc6 3.d4 cxd4 4.Nxd4 e6 5.Nc3 Be7 6.Bc4 Nf6 7.Bb3 O-O 8.Be3 a6
9.O-O Na5 10.f4 Bc5 11.e5 Nxb3 12.axb3 Ne8 13.Ne4 Bxd4 14.Qxd4 f5 15.Nd6 Qc7
16.Qb6 Qc6 17.Rf2 Nxd6 18.exd6 a5 19.Rxa5 Rxa5 20.Qxa5 b5 21.Qb6 Bb7 22.h3 Ra8
23.Kh2 Kf7 24.c4 Qxb6 25.Bxb6 Bc6 26.Bd4 g6 27.Re2 h5 28.Kg3 Rg8 29.Bc3 Be4
30.c5 Bd5 31.b4 Ra8 32.Re1 Ra2 33.Kf2 Bc6 34.Rg1 Ra8 35.g4 hxg4 36.hxg4 Rf8
37.Be5 Rg8 38.Rg3 Bd5 39.Rh3 Bc6 40.Rh7+ Kf8 41.Bf6 Ke8 42.Kg3 Kf8 43.g5 Ke8
44.Kf2  1-0

[Event "Finkenstein op"]
[Site "Finkenstein"]
[Date "1996.??.??"]
[Round "9"]
[White "Best, Philip"]
[Black "Susnik, Matej"]
[Result "1-0"]
[WhiteElo "1975"]
[BlackElo "2235"]

1.e4 c5 2.Nf3 e6 3.d4 cxd4 4.Nxd4 Nc6 5.Nc3 Qc7 6.Be2 a6 7.O-O Nf6 8.a3 Be7
9.Be3 O-O 10.f4 d6 11.f5 Bd7 12.g4 h6 13.Rf2 Nxd4 14.Bxd4 e5 15.Be3 Bc6 16.Bf3 Rad8
17.Rd2 b5 18.Qf1 d5 19.exd5 e4 20.dxc6 Bc5 21.Re2 Bxe3+ 22.Rxe3 Qf4 23.Rxe4 Nxe4
24.Nxe4 Rfe8 25.Re1 Kh8 26.c3 Qc7 27.Ng3 Rxe1 28.Qxe1 Qb6+ 29.Qf2 Qc7 30.Qe3 Qd6
31.Ne2 Qd1+ 32.Kg2 Qd6 33.Nd4 Kg8 34.Qf2 Kf8 35.Qg3 Qc5 36.Qc7 Re8 37.Qb7 Qe5  1-0

[Event "Foment op"]
[Site "Foment"]
[Date "1996.??.??"]
[Round "9"]
[White "Dimitrov, Vladimir"]
[Black "De la Riva Aguado, Oscar"]
[Result "1/2-1/2"]
[WhiteElo "2520"]
[BlackElo "2430"]

1.e4 c5 2.Nf3 e6 3.Nc3 Nc6 4.d4 cxd4 5.Nxd4 Qc7 6.Be2 a6 7.O-O Nf6 8.Be3 Bb4
9.Na4 O-O 10.c4 Bd6 11.g3 Nxe4 12.Bf3 f5 13.Bxe4 fxe4 14.c5 Be5 15.a3 d5
16.cxd6 Bxd6 17.Rc1 Bd7 18.Nb6 Rae8 19.Nxd7 Qxd7 20.Nxc6 bxc6 21.Qa4 Be5
22.Rfd1 Qf7 23.Qxe4  1/2-1/2

[Event "FRA-ch"]
[Site "France"]
[Date "1996.??.??"]
[Round "4"]
[White "Degraeve, Jean Marc"]
[Black "Prie, Eric"]
[Result "1/2-1/2"]
[WhiteElo "2515"]
[BlackElo "2480"]

1.e4 c5 2.Nf3 Nc6 3.d4 cxd4 4.Nxd4 e6 5.Nc3 Qc7 6.g3 a6 7.Bg2 d6 8.O-O Bd7
9.Nxc6 Bxc6 10.Re1 Be7 11.a4 Nf6 12.Be3 O-O 13.Qe2 b6 14.Rad1 Rfe8 15.Rd4 Nd7
16.Red1 Nc5 17.Qg4 Rad8 18.Bg5 Bxg5 19.Qxg5 e5 20.Rb4 Ne6 21.Qd2 Nd4 22.Rc4 b5
23.axb5 axb5 24.Nd5 Qb7 25.Rb4 f5 26.c3 fxe4 27.Bxe4 Bxd5  1/2-1/2

[Event "FRA-ch"]
[Site "France"]
[Date "1996.??.??"]
[Round "9"]
[White "Chomet, Pascal"]
[Black "Vaisser, Anatoli"]
[Result "1/2-1/2"]
[WhiteElo "2385"]
[BlackElo "2565"]

1.e4 c5 2.Nf3 Nc6 3.Nc3 e6 4.d4 cxd4 5.Nxd4 Nf6 6.Ndb5 d6 7.Bf4 e5 8.Bg5 a6
9.Na3 b5 10.Bxf6 gxf6 11.Nd5 Bg7 12.c3 f5 13.exf5 Bxf5 14.Nc2 Be6 15.a4 bxa4
16.Nce3 O-O 17.Qxa4 Ne7 18.Nxe7+ Qxe7 19.Bc4 Rab8 20.Ra2 Rfc8 21.Bxe6 Qxe6
22.Qxa6 f5 23.O-O f4 24.Nc2 Qg6 25.Nb4 f3 26.g3 Qe6 27.Rd1 e4 28.Nd5 Bh6
29.b4 e3 30.fxe3 Bxe3+ 31.Nxe3 Qxe3+ 32.Rf2 Rxc3 33.Qxd6 Rf8 34.Qd5+ Kh8
35.Qd4+ Qxd4 36.Rxd4 Rb3 37.h4 Rb8 38.Kh2 R8xb4 39.Rxb4 Rxb4 40.Rxf3 Kg7
41.Kh3  1/2-1/2

[Event "ISL-ch"]
[Site "Gardabaer"]
[Date "1996.??.??"]
[Round "10"]
[White "Stefansson, Hannes"]
[Black "Bjarnason, Saevar"]
[Result "0-1"]
[WhiteElo "2540"]
[BlackElo "2305"]

1.e4 c5 2.Nf3 e6 3.d4 cxd4 4.Nxd4 Nc6 5.Nc3 a6 6.Nxc6 bxc6 7.Bd3 Nf6 8.O-O e5
9.Bc4 Be7 10.Qd3 O-O 11.Bg5 Qb6 12.b3 Rd8 13.Rad1 d6 14.Kh1 Bg4 15.f3 Bh5
16.Qe2 a5 17.Rd2 Qb4 18.Qe3 h6 19.Bh4 Bg6 20.Bf2 Ng4 21.fxg4 Bg5 22.Qe2 Qxc3
23.Rd3 Qb4 24.h4 Bf6 25.g5 hxg5 26.hxg5 Be7 27.Be1 Qb7 28.Bc3 Bxg5 29.Qg4 Qe7
30.Bd2 Bxd2 31.Rxd2 d5 32.exd5 Rd6 33.Re1 e4 34.Qf4 Rad8 35.Red1 Bh5 36.Re1 cxd5
37.Bf1 Bg6 38.Rd4 Rf6 39.Qd2 Rf5 40.Kg1 Qe5 41.Qe3 Rd6 42.Be2 Rg5 43.c4 Rg3
44.Qd2 e3 45.Bf1 Qg5 46.Qxa5 Qf6 47.Red1 Qf2+ 48.Kh2 Rh3+  0-1

[Event "Eikrem mem"]
[Site "Gausdal"]
[Date "1996.??.??"]
[Round "3"]
[White "Richardson, Kevin Derek"]
[Black "Ogaard, Leif"]
[Result "0-1"]
[WhiteElo "2170"]
[BlackElo "2435"]

1.e4 c5 2.Nf3 e6 3.d4 cxd4 4.Nxd4 Nc6 5.Nc3 a6 6.Be3 Qc7 7.Be2 Nf6 8.O-O Bb4
9.Nxc6 bxc6 10.Na4 Be7 11.Bd3 c5 12.c4 Bb7 13.Nc3 O-O 14.Qc2 Ng4 15.g3 Nxe3
16.fxe3 Bg5 17.Rf3 f5 18.Raf1 Bf6 19.Nd1 Qe5 20.exf5 Bxf3 21.Rxf3 Bg5 22.f6 Rxf6
23.Bxh7+ Kh8 24.Qe4 Qxe4 25.Bxe4 Rb8 26.Kf2 Rxf3+ 27.Kxf3 Bf6 28.b3 Kg8 29.Nf2 Kf7
30.Nd3 d6 31.h4 a5 32.Nf4 a4 33.Bg6+ Ke7 34.Bc2 Be5 35.Ng6+ Kf6 36.g4 Bc3
37.g5+ Kf7 38.Nf4 axb3 39.axb3 Ra8 40.h5 Ra2 41.Bg6+ Ke7 42.Be4 Rb2 43.h6 gxh6
44.gxh6 Rxb3 45.h7 Rb8 46.Kg4 Kf6 47.Kh5 Rh8 48.Kh6 Bd2 49.Nh5+ Kf7 50.Bg6+ Kf8
51.Kg5 Ke7 52.Kf4 d5 53.cxd5 exd5 54.Ke5 Rd8 55.Nf4 Bc3+ 56.Kf5 Rf8+ 57.Kg5 Kd6
58.Bf5 c4 59.Ng6 Bf6+ 60.Kf4 Re8 61.e4 dxe4 62.Bxe4 c3 63.Bc2 Kc5 64.Kf5 Bg7
65.Nf4 Kb4 66.Kg6 Bh8 67.Kf7 Rd8 68.Ng6 Bd4 69.Ne7 Kc5 70.Nf5 Bh8 71.Ne7 Ra8
72.Ng6 Bd4 73.Nf4 Kb4 74.Nd3+ Ka3 75.Ke6 Rd8 76.Ne1 Re8+ 77.Kd5 Bh8 78.Be4 Kb3
79.Nf3 Rxe4 80.Kxe4 c2  0-1

[Event "Eikrem mem"]
[Site "Gausdal"]
[Date "1996.??.??"]
[Round "4"]
[White "Stefansson, Hannes"]
[Black "Har Zvi, Ronen"]
[Result "1-0"]
[WhiteElo "2560"]
[BlackElo "2495"]

1.e4 c5 2.Nf3 e6 3.d4 cxd4 4.Nxd4 Nc6 5.Nc3 Qc7 6.g3 a6 7.Bg2 Nf6 8.O-O Bc5
9.Nb3 Ba7 10.a4 d6 11.Bg5 Ne5 12.Ne2 Nfg4 13.h3 h6 14.Bd2 Nf6 15.Ba5 Bb6
16.Bb4 Nc4 17.Bc3 Ne5 18.Nf4 Bd7 19.Nd3 Bc6 20.Nxe5 dxe5 21.Qe2 O-O 22.Kh1 Rfd8
23.f4 Bd4 24.Bxd4 exd4 25.e5 Bxg2+ 26.Kxg2 Nd5 27.Nxd4 Qc4 28.Qxc4 Ne3+ 29.Kh2 Nxc4
30.c3 Nxb2 31.Rfb1 Nd3 32.Rxb7 Rac8 33.Ra3 Nc5 34.Rb4 Nd3 35.Rb6 Nc5 36.Kg2 Ne4
37.Nc6 Rd7 38.c4 Kh7 39.Na5 Rd2+ 40.Kf3 Nc5 41.Rc6 Rxc6 42.Nxc6 Rc2 43.Na5 Rd2
44.Ke3 Rd1 45.Nc6 Kg8 46.Nb4 Kf8 47.Nd3 Nxd3 48.Rxd3 Ra1 49.Kd4 Rxa4 50.Kc5 g6
51.Rb3 Ra1 52.Kd6 a5 53.Rb8+ Kg7 54.Ke7  1-0

[Event "Eikrem mem"]
[Site "Gausdal"]
[Date "1996.??.??"]
[Round "5"]
[White "Fossan, Erik"]
[Black "Har Zvi, Ronen"]
[Result "1/2-1/2"]
[WhiteElo "2360"]
[BlackElo "2495"]

1.e4 c5 2.Nf3 e6 3.d4 cxd4 4.Nxd4 Nc6 5.Nc3 Qc7 6.f4 Nxd4 7.Qxd4 a6 8.Be2 b5
9.Be3 Bb7 10.O-O Rc8 11.Bf3 h5  1/2-1/2

[Event "Troll Masters"]
[Site "Gausdal"]
[Date "1996.??.??"]
[Round "6"]
[White "Thorhallsson, Throstur"]
[Black "Kiik, Kalle"]
[Result "1/2-1/2"]
[WhiteElo "2445"]
[BlackElo "2385"]

1.e4 c5 2.Nf3 e6 3.d4 cxd4 4.Nxd4 Nc6 5.Nc3 d6 6.Be3 Nf6 7.Qd2 Be7 8.f3 O-O
9.g4 a6 10.O-O-O Nd7 11.h4 Nxd4 12.Bxd4 b5 13.g5 b4 14.Ne2 a5 15.Kb1 Ne5
16.Ng1 Nc6 17.Be3 d5 18.exd5 exd5 19.Bb5 Ne5 20.Bf4 Nc4 21.Qxd5 Qxd5 22.Rxd5 Bb7
23.Rd3 Rac8 24.Ne2 Nb6 25.Nd4 Nd5 26.Nf5 Bc5 27.Be5 f6 28.Bd6 Rfd8 29.Bc4 Bxd6
30.Bxd5+ Bxd5 31.Rxd5 Bf8 32.Rxa5 Rd2 33.Rc1 Rf2 34.gxf6 gxf6 35.Ra7 Rxf3
36.Ne7+ Bxe7 37.Rxe7 Rf4 38.h5 Rh4 39.Rg1+ Kh8 40.Rf7 Rxh5 41.Rxf6 Rh4 42.Rf3 h6
43.a3 bxa3 44.Rxa3 Rh2 45.Ra6 Rc7 46.Rgg6 Rcxc2 47.Rxh6+ Kg7 48.Rxh2 Rxh2
49.Re6 Kf7 50.Re4 Kf6 51.Ka2 Kf5 52.Re8 Rh7 53.Ka3 Ra7+ 54.Kb4 Rb7+ 55.Kc3 Rc7+
56.Kd4 Rb7 57.Re2 Rb8 58.Kd5 Rd8+ 59.Kc6 Rb8 60.Kc5 Rc8+ 61.Kd6 Rb8 62.Rh2 Ke4
63.Kc6 Kd3 64.Kc5 Rc8+ 65.Kb6 Rb8+ 66.Ka5 Ra8+ 67.Kb4 Rb8+ 68.Ka3 Ra8+  1/2-1/2

[Event "Eikrem mem"]
[Site "Gausdal"]
[Date "1996.??.??"]
[Round "9"]
[White "Hjartarson, Johann"]
[Black "Har Zvi, Ronen"]
[Result "1/2-1/2"]
[WhiteElo "2565"]
[BlackElo "2495"]

1.e4 c5 2.Nf3 e6 3.d4 cxd4 4.Nxd4 Nc6 5.Nc3 Qc7 6.Be3 a6 7.Bd3 Nf6 8.O-O Bd6
9.Kh1 Bf4 10.Bxf4 Qxf4 11.Nde2 Qh4 12.Qd2 b5 13.f4 d6 14.Ng1 O-O 15.Nf3 Qh6
16.Ng5 Ng4 17.h3 Nf6 18.a4 b4 19.Ne2 Bb7 20.Kg1 Rad8 21.Qe3 e5 22.fxe5 Nxe5
23.Ng3 Rfe8 24.Nf5 Qg6 25.Rae1 d5 26.exd5 Nxd5 27.Qg3 Nxd3 28.Rxe8+ Rxe8
29.cxd3 h6 30.Ne4 Qxg3 31.Nfxg3 Bc6 32.a5 Rd8 33.Nc5 Bb5 34.Nf5 Nc7 35.Rf4 Ne6
36.Nxe6 fxe6 37.Rd4 Rxd4 38.Nxd4 Bxd3 39.Nxe6 Kf7 40.Nd4 Be4 41.Kf2 Kf6 42.g3 Ke5
43.Ke3 g5 44.h4 gxh4  1/2-1/2

[Event "Geneve op"]
[Site "Geneve"]
[Date "1996.??.??"]
[Round "1"]
[White "Zelcic, Robert"]
[Black "Bennett, John"]
[Result "1-0"]
[WhiteElo "2495"]
[BlackElo "2190"]

1.e4 c5 2.Nf3 Nc6 3.Nc3 e6 4.d4 cxd4 5.Nxd4 Nf6 6.Be2 Bb4 7.O-O Bxc3 8.bxc3 Nxe4
9.Bf3 Nxc3 10.Qd3 Nxd4 11.Qxd4 Qf6 12.Qxf6 gxf6 13.Bb2 Na4 14.Bxf6 Rg8 15.Be4 h6
16.h3 d5 17.Bh7 Rg6 18.Bxg6 fxg6 19.Bg7 h5 20.Bd4 Bd7 21.Rab1 b6 22.Rb3 Rc8
23.Rg3 Rxc2 24.Rxg6 Ke7 25.Re1 Rd2 26.Be5 Be8 27.Rxe6+ Kxe6 28.Bf4+ Kd7 29.Bxd2 Bg6
30.Re5 Kd6 31.Rg5 Be8 32.Bf4+ Kc6 33.Re5  1-0

[Event "Geneve op"]
[Site "Geneve"]
[Date "1996.??.??"]
[Round "6"]
[White "Masserey, Yvan"]
[Black "David, Adrian"]
[Result "1-0"]
[WhiteElo "2290"]
[BlackElo "2315"]

1.e4 c5 2.Nf3 e6 3.d4 cxd4 4.Nxd4 Nc6 5.Nc3 Qc7 6.f4 a6 7.Be2 Nxd4 8.Qxd4 b5
9.Be3 Ne7 10.O-O-O Nc6 11.Qb6 Qxb6 12.Bxb6 Rb8 13.Bc7 Rb7 14.Bd6 Bxd6 15.Rxd6 f6
16.Rhd1 Rc7 17.R1d2 Ke7 18.a4 b4 19.Nd1 g5 20.g3 gxf4 21.gxf4 Rg8 22.Ne3 Na5
23.Kb1 Bb7 24.Rb6 b3 25.cxb3 Rg1+ 26.Ka2 Bxe4 27.b4 Nc6 28.Bxa6 d5 29.Bd3 d4
30.Nc2 Bd5+ 31.b3 e5 32.fxe5 fxe5 33.Bb5 Na7 34.Bc4 Bxc4 35.bxc4 Kd7 36.Rh6 Nc8
37.Rxh7+ Ne7 38.Nxd4 exd4 39.Rxd4+ Kc8 40.b5 Re1 41.a5 Re2+ 42.Kb3 Re3+ 43.Ka4 Rc3
44.Rh8+ Kb7 45.b6 Ng6 46.Rg8 Ne7 47.Re8  1-0

[Event "Geneve op"]
[Site "Geneve"]
[Date "1996.??.??"]
[Round "9"]
[White "Brustman, Agnieszka"]
[Black "Rotstein, Arkadij"]
[Result "0-1"]
[WhiteElo "2320"]
[BlackElo "2445"]

1.e4 c5 2.Nf3 e6 3.d4 cxd4 4.Nxd4 Nc6 5.Nc3 Qc7 6.Be2 a6 7.O-O Nf6 8.Kh1 Nxd4
9.Qxd4 Bc5 10.Qd3 b5 11.f4 Bb7 12.Bf3 h5 13.e5 Ng4 14.a4 b4 15.Bxb7 Qxb7
16.Ne4 Rc8 17.c4 bxc3 18.bxc3 Be7 19.Nd6+ Bxd6 20.Qxd6 Rc6 21.Qa3 Qc7 22.Rb1 f6
23.Qb4 Kf7 24.Ba3 Re8 25.Rf3 Rc4 26.Qb7 Qxb7 27.Rxb7 Rxa4 28.Rxd7+ Kg6 29.h3 Rxa3
30.hxg4 hxg4 31.Rfd3 Rc8 32.R7d6 Kf5 33.exf6 gxf6 34.Kh2 a5 35.Re3 Raxc3
36.Rdxe6 Rxe3 37.Rxe3 Kxf4 38.Re1 g3+ 39.Kg1 a4 40.Ra1 a3 41.Kf1 Ra8 42.Ra2 Ke3
43.Ke1 f5 44.Kd1 f4 45.Ke1 Kd3 46.Kd1 Kc3 47.Kc1 Kb3 48.Kb1 f3 49.Rd2 f2
50.Rd3+ Kc4 51.Rf3 Re8 52.Kc2 Re2+  0-1

[Event "Geneve op"]
[Site "Geneve"]
[Date "1996.??.??"]
[Round "9"]
[White "Domont, Alexandre"]
[Black "Razuvaev, Yuri S"]
[Result "0-1"]
[WhiteElo "2335"]
[BlackElo "2580"]

1.e4 c5 2.Nf3 Nc6 3.d4 cxd4 4.Nxd4 e6 5.Nc3 Qc7 6.Be2 a6 7.O-O b5 8.Nxc6 dxc6
9.f4 Bb7 10.Bf3 Be7 11.Qe1 c5 12.Qg3 g6 13.Be3 b4 14.Nd1 Nf6 15.Nf2 Bc6 16.Rae1 h5
17.Qh3 Rg8 18.c4 O-O-O 19.e5 Ne8 20.Rd1 Ng7 21.Ne4 Nf5 22.Bf2 Rxd1 23.Rxd1 Rd8
24.Rxd8+ Qxd8 25.Nd6+ Bxd6 26.Bxc6 Bxe5 27.Qf3 Bd4 28.Bb7+ Kb8 29.Bxa6 Bxf2+
30.Kxf2 Qd2+ 31.Kf1 Qc1+ 32.Kf2 Qxb2+ 33.Qe2 Qxe2+ 34.Kxe2 Nd6 35.Kd3 Ka7
36.Bb5 Nxb5 37.cxb5 Kb6 38.Kc4 f6 39.h4 e5  0-1

[Event "OL-SW 9596"]
[Site "GER"]
[Date "1996.??.??"]
[Round "?"]
[White "Scherer, Ralf"]
[Black "Srokowski, Jaroslav"]
[Result "0-1"]
[WhiteElo "2240"]
[BlackElo "2425"]

1.e4 c5 2.Nf3 e6 3.d4 cxd4 4.Nxd4 Nc6 5.Nc3 Qc7 6.g3 a6 7.Bg2 Bb4 8.O-O Bxc3
9.bxc3 Ne5 10.f4 Nc4 11.Qg4 Kf8 12.e5 d6 13.exd6 Nxd6 14.Ba3 Nf6 15.Qd1 Ne8
16.f5 exf5 17.Nxf5 Bxf5 18.Rxf5 Kg8 19.Rf2 h5 20.Bd5 Rd8 21.Qf3 Nf6 22.Bxd6 Rxd6
23.Bxb7 Ng4 24.Re1 Nxf2 25.Re8+ Kh7 26.Qxh5+ Rh6 27.Qf5+ g6 28.Rxh8+ Kxh8
29.Qf6+ Kg8 30.Bd5 Ng4  0-1

[Event "BL2-N9596"]
[Site "Germany"]
[Date "1996.??.??"]
[Round "?"]
[White "Voigt, Martin"]
[Black "Thinius, Marco"]
[Result "0-1"]
[WhiteElo "2255"]
[BlackElo "2310"]

1.e4 c5 2.Nc3 e6 3.Nge2 Nc6 4.d4 cxd4 5.Nxd4 Nf6 6.Ndb5 Bb4 7.a3 Bxc3+ 8.Nxc3 d5
9.exd5 exd5 10.Bg5 O-O 11.Bd3 h6 12.Bh4 Re8+ 13.Ne2 Qa5+ 14.c3 Ne4 15.f3 Nd6
16.b4 Qc7 17.Bg3 Ne5 18.O-O Bf5 19.Bxe5 Rxe5 20.f4 Re3 21.Bxf5 Nxf5 22.Qxd5 Rxe2
23.Qxf5 Qxc3 24.Qd5 Rae8 25.Qf3 Qd4+ 26.Kh1 R8e3 27.Qg4 Qxa1 28.Qxe2 Qxa3
29.Qc4 Qd3 30.Qc8+ Kh7 31.Kg1 Qd5 32.Qg4 f5 33.Qd1 Qxd1 34.Rxd1 Re4 35.b5 Rxf4
36.Rd7 b6  0-1

[Event "Bundesliga 9596"]
[Site "Germany"]
[Date "1996.??.??"]
[Round "?"]
[White "Vogt, Lothar"]
[Black "Schaefer, Markus"]
[Result "1-0"]
[WhiteElo "2490"]
[BlackElo "2455"]

1.e4 c5 2.Nf3 e6 3.d4 cxd4 4.Nxd4 Nc6 5.Nc3 a6 6.g3 Nge7 7.Nb3 d6 8.a4 Bd7
9.Bg2 Nc8 10.O-O Be7 11.f4 O-O 12.Be3 b6 13.Qe2 Qc7 14.g4 Re8 15.g5 Bf8 16.Qf2 Nb4
17.Nd4 Rb8 18.Rad1 Na7 19.f5 e5 20.Nde2 Bc6 21.Ng3 Nc8 22.Rd2 b5 23.axb5 axb5
24.Nd5 Nxd5 25.exd5 Ba8 26.Be4 Nb6 27.b3 Nd7 28.f6 g6 29.h4 Nc5 30.h5 Rb7
31.hxg6 fxg6 32.Bxc5 Qxc5 33.Qxc5 dxc5 34.d6 Rd8 35.Bxb7 Bxb7 36.Ra1 e4 37.Nf1 h6
38.Ra7 Rd7 39.Rxb7  1-0

[Event "BL2-S9596"]
[Site "Germany"]
[Date "1996.??.??"]
[Round "?"]
[White "Arnold, Lothar"]
[Black "Stobik, Dietrich"]
[Result "1-0"]
[WhiteElo "2385"]
[BlackElo "2285"]

1.e4 c5 2.Nf3 Nc6 3.d4 cxd4 4.Nxd4 e6 5.Nc3 a6 6.g3 b5 7.Nxc6 dxc6 8.Qxd8+ Kxd8
9.Bf4 f6 10.O-O-O+ Ke8 11.Bc7 Bd7 12.Bh3 Ra7 13.Bd6 Nh6 14.e5 Bxd6 15.exd6 f5
16.Rhe1 Kf7 17.f4 c5 18.Bg2 Rc8 19.h3 Kf8 20.Re3 Nf7 21.Ne2 b4 22.Ng1 Rd8
23.Nf3 Bc8 24.Ng5 Nxg5 25.fxg5 Bd7 26.Bf1 Rb7 27.Bxa6 Rb6 28.Bc4 Kf7 29.Re5 Kg6
30.h4 Re8 31.Rxc5 e5 32.Rc7 Rd8 33.b3 e4 34.Kb2 h6 35.gxh6 Kxh6 36.c3 g5
37.hxg5+ Kxg5 38.cxb4 Kg4 39.Rg1 Kf3 40.Bf7 Rxd6 41.Rc2 Bb5 42.Bh5+ Ke3 43.Re1+ Kd4
44.Rc5 Rd5 45.Rxb5  1-0

[Event "Oberliga Nord O9596"]
[Site "Germany"]
[Date "1996.??.??"]
[Round "?"]
[White "Postler, Reinhard"]
[Black "Brameyer, Hermann"]
[Result "0-1"]
[WhiteElo "2330"]
[BlackElo "2290"]

1.e4 c5 2.Nf3 e6 3.d4 cxd4 4.Nxd4 Nc6 5.Nc3 Qc7 6.g3 d6 7.Bg2 Bd7 8.a4 Be7
9.O-O Nf6 10.Re1 a6 11.Nxc6 Bxc6 12.a5 O-O 13.Be3 Bd8 14.Bb6 Qd7 15.Qd4 e5
16.Qb4 Bxb6 17.axb6 Rad8 18.Rad1 Qe6 19.Rd2 Rd7 20.Red1 Rfd8 21.b3 g6 22.Qa5 Kg7
23.Re1 d5 24.exd5 Bxd5 25.Nxd5 Nxd5 26.c4 Nxb6 27.Rxd7 Rxd7 28.Qxe5+ Qxe5
29.Rxe5 Rd1+ 30.Bf1 Kf6 31.Rc5 Ke7 32.Rc7+ Rd7 33.Rxd7+ Nxd7 34.b4 b6 35.f4 a5
36.c5 a4 37.c6 Nf8 38.Kf2 Kd6  0-1

[Event "BL2-S9596"]
[Site "Germany"]
[Date "1996.??.??"]
[Round "?"]
[White "Stocek, Jiri"]
[Black "Ksieski, Zbigniew"]
[Result "1-0"]
[WhiteElo "2465"]
[BlackElo "2400"]

1.e4 c5 2.Nf3 e6 3.Nc3 Nc6 4.d4 cxd4 5.Nxd4 d6 6.Be3 Nf6 7.h3 a6 8.g4 d5
9.g5 Nd7 10.exd5 exd5 11.Qe2 Be7 12.O-O-O O-O 13.Nf5 d4 14.Nxe7+ Qxe7 15.Bxd4 Qxg5+
16.Be3 Qf5 17.Rg1 Nde5 18.Bg2 Ng6 19.Be4 Qf6 20.Qh5 Qe5 21.Bxg6 fxg6 22.Qxe5 Nxe5
23.Bc5 Bxh3 24.Bxf8 Rxf8 25.Rge1 Nc6 26.Ne4 Bg4 27.Rd6 Rc8 28.c3 Ne5 29.f4 Nc4
30.Rd4 Kf8 31.Rxc4 Rxc4 32.Nd6 Rc8 33.Nxc8 Bxc8 34.Kd2 Kf7 35.Re5 Bd7 36.c4 Kf6
37.Ke3 h6 38.Rc5 Bc6 39.b4 Bg2 40.b5 axb5 41.cxb5 g5 42.fxg5+ hxg5 43.a4 g4
44.Kf4 Bf3 45.a5 Ke7 46.a6 bxa6 47.bxa6 Kd7 48.a7 g5+ 49.Kg3 Bb7 50.Ra5 Ba8
51.Rb5  1-0

[Event "BL2-W9596"]
[Site "Germany"]
[Date "1996.??.??"]
[Round "?"]
[White "Fleck, Juergen"]
[Black "Stoering, Volker"]
[Result "1/2-1/2"]
[WhiteElo "2380"]
[BlackElo "2340"]

1.e4 c5 2.Nf3 e6 3.d4 cxd4 4.Nxd4 Nc6 5.Nc3 Qc7 6.Be2 a6 7.O-O Nf6 8.Kh1 Be7
9.f4 d6 10.a4 O-O 11.Be3 Re8 12.Bf3 Na5 13.Qd3 e5 14.Nde2 Nc4 15.Bc1 exf4
16.Nxf4 Be6 17.Be2 Ne5 18.Qg3 Rac8 19.Be3 Qd8 20.Bd3 Nfg4 21.Nxe6 fxe6 22.Bd4 Bh4
23.Qh3 Bf6 24.Rad1 Nxd3  1/2-1/2

[Event "BL9596 (Women)"]
[Site "Germany"]
[Date "1996.??.??"]
[Round "?"]
[White "Claus, Caroline"]
[Black "Goehler, Antje"]
[Result "0-1"]
[WhiteElo "2155"]
[BlackElo "2140"]

1.e4 c5 2.Nf3 e6 3.d4 cxd4 4.Nxd4 Nc6 5.Nc3 Qc7 6.g3 a6 7.Bg2 Nf6 8.O-O Nxd4
9.Qxd4 Bc5 10.Qd3 d6 11.Bg5 Ng4 12.Rad1 O-O 13.Qe2 Ne5 14.Kh1 b5 15.f4 Nc4
16.f5 Nxb2 17.fxe6 Bxe6 18.Nd5 Bxd5 19.Rxd5 f6 20.Bc1 Nc4 21.a4 Rae8 22.axb5 axb5
23.Qd3 Qb6 24.Rh5 Re5 25.Rh3 Be3 26.Qb3 Bxc1 27.Rxc1 Qe3 28.Rd1 Ra8 29.g4 Qe2
30.Rhd3 Ra3 31.Bf3 Qf2 32.Qb1 Rxd3 33.Rxd3 Nd2 34.Qd1 Nxf3 35.Rxf3 Qc5 36.Qd3 d5
37.Rf1 dxe4 38.Qd8+ Qf8 39.Qb6 h6 40.Qc6 Qe8 41.Qd6 e3 42.Re1 Qa8+ 43.Kg1 Qf3
44.Qd8+ Kh7 45.Qd3+ Re4 46.Re2 f5  0-1

[Event "BL9596 (Women)"]
[Site "Germany"]
[Date "1996.??.??"]
[Round "?"]
[White "Fuchs, Antje"]
[Black "Schulz, Petra"]
[Result "1-0"]
[WhiteElo "2120"]
[BlackElo "2110"]

1.e4 e6 2.Nc3 c5 3.Nf3 Nc6 4.d4 cxd4 5.Nxd4 a6 6.Be2 Qc7 7.Be3 Nf6 8.a3 b5
9.O-O Bb7 10.Nb3 d6 11.f4 Be7 12.Bf3 Rc8 13.Qe1 Nd7 14.f5 Nce5 15.fxe6 fxe6
16.Nd4 Nf8 17.Kh1 Bf6 18.Rd1 Nc4 19.Bh5+ Ke7 20.Bg5 Ne5 21.Qh4 Nfd7 22.Bg4 Ng6
23.Bxf6+ Nxf6 24.Qh3 Nxg4 25.Qxg4 Qd7 26.Nd5+ Bxd5 27.exd5 Rhf8 28.dxe6 Qb7
29.Qg5+ Ke8 30.Rxf8+ Nxf8 31.Rf1 Qe7 32.Qf5 Rc5 33.Qe4 d5 34.Qe5 Ng6 35.Qb8+ Qd8
36.Qxd8+ Kxd8 37.h3 a5 38.Rf7 b4 39.axb4 axb4 40.Rxg7 Rc4 41.Rd7+ Ke8 42.Rxd5 Ne7
43.Rd7 h5 44.Kg1 Nc8 45.b3 Rc5 46.Rb7  1-0